000 00715nam a2200217 a 4500
003 OSt
005 20141018102314.0
008 020226s1996 esp 000 0 spa d
020 _a958-600-212-8
040 _cBMC
082 _a658.3
100 1 _aChiavenato, Idalberto
_98388
245 1 0 _aAdministración de recursos humanos
_cIdalberto Chiavenato ; traducción, Germán Alberto Villamizar ; revisión técnica,Jesús Báez Aparicio
250 _a2ª ed
260 _aMéxico D.F. [etc.]
_bMcGraw-Hill
_c1996
300 _aXVIII, 540 p.
_c23 cm
650 2 4 _aGestión de recursos humanos
_95702
700 1 _98201
_aVillamizar, Germán Alberto
700 1 _926515
_aBáez Aparicio, Jesús
942 _2ddc
_cBK
999 _c14556
_d14556